000 00351nam a2200133Ia 4500
008 210210b1972 xxu||||| |||| 00| 0 eng d
082 _a158 NEWG
100 _aNEWTON (Charles).
245 _aGroom yourself for success in life.
260 _aBombay
_bSt. Paul Publications
_c1972
300 _a122
690 _aApplied Psychology
906 _aSG01493
999 _c113095
_d113095